A dictionary of biology. (Record no. 480237)
[ view plain ]
| 000 -LEADER | |
|---|---|
| fixed length control field | 01229cam a22003737i 4500 |
| 001 - CONTROL NUMBER | |
| control field | 11869982 |
| 003 - CONTROL NUMBER IDENTIFIER | |
| control field | ASAB |
| 005 - DATE AND TIME OF LATEST TRANSACTION | |
| control field | 20180827062659.0 |
| 006 - FIXED-LENGTH DATA ELEMENTS--ADDITIONAL MATERIAL CHARACTERISTICS | |
| fixed length control field | m d |
| 007 - PHYSICAL DESCRIPTION FIXED FIELD--GENERAL INFORMATION | |
| fixed length control field | cr n |
| 008 - FIXED-LENGTH DATA ELEMENTS--GENERAL INFORMATION | |
| fixed length control field | 150219s2015 enka sd 000 0 eng d |
| 015 ## - NATIONAL BIBLIOGRAPHY NUMBER | |
| National bibliography number | GBB544457 |
| Source | bnb |
| 020 ## - INTERNATIONAL STANDARD BOOK NUMBER | |
| International Standard Book Number | 978-81-7245-492-0 (pbk.) |
| 035 ## - SYSTEM CONTROL NUMBER | |
| System control number | (WaSeSS)ssj0001624534 |
| 040 ## - CATALOGING SOURCE | |
| Original cataloging agency | NLE |
| Language of cataloging | eng |
| Transcribing agency | ASAB |
| Description conventions | rda |
| Modifying agency | OCLCO |
| -- | NYP |
| -- | OCLCO |
| -- | DLC |
| -- | WaSeSS |
| 042 ## - AUTHENTICATION CODE | |
| Authentication code | lccopycat |
| 050 #4 - LIBRARY OF CONGRESS CALL NUMBER | |
| Classification number | QH302.5 |
| Item number | .D54 2015 |
| 082 04 - DEWEY DECIMAL CLASSIFICATION NUMBER | |
| Classification number | 570.3 |
| Edition number | 23 |
| 210 10 - ABBREVIATED TITLE | |
| Abbreviated title | A dictionary of biology. |
| 245 02 - TITLE STATEMENT | |
| Title | A dictionary of biology. |
| Statement of responsibility, etc. | Michael Bull |
| 246 14 - VARYING FORM OF TITLE | |
| Title proper/short title | Oxford dictionary of biology |
| 250 ## - EDITION STATEMENT | |
| Edition statement | two color layout |
| 300 ## - PHYSICAL DESCRIPTION | |
| Extent | 362 P. |
| 490 0# - SERIES STATEMENT | |
| Series statement | Oxford quick reference |
| 500 ## - GENERAL NOTE | |
| General note | Previous edition: 2008. |
| 500 ## - GENERAL NOTE | |
| General note | "Editor Robert S. Hine, BSc, MSc"--Credits. |
| 506 ## - RESTRICTIONS ON ACCESS NOTE | |
| Terms governing access | License restrictions may limit access. |
| 650 #0 - SUBJECT ADDED ENTRY--TOPICAL TERM | |
| Topical term or geographic name entry element | Biology |
| Form subdivision | Dictionaries. |
| 9 (RLIN) | 2146 |
| 700 1# - ADDED ENTRY--PERSONAL NAME | |
| Personal name | Hine, Robert, |
| Relator term | editor. |
| 9 (RLIN) | 2147 |
| 773 #0 - HOST ITEM ENTRY | |
| Title | Oxford Reference Online: Premium |
| 856 40 - ELECTRONIC LOCATION AND ACCESS | |
| Uniform Resource Identifier | <a href="http://www.columbia.edu/cgi-bin/cul/resolve?clio11869982">http://www.columbia.edu/cgi-bin/cul/resolve?clio11869982</a> |
| Public note | Full text available from Oxford Reference Online: Premium |
| 910 ## - USER-OPTION DATA (OCLC) | |
| User-option data | Library of Congress record |
| 942 ## - ADDED ENTRY ELEMENTS (KOHA) | |
| Source of classification or shelving scheme | |
| Koha item type | Book |
| Withdrawn status | Lost status | Source of classification or shelving scheme | Damaged status | Not for loan | Collection code | Permanent Location | Current Location | Date acquired | Total Checkouts | Full call number | Barcode | Date last seen | Price effective from | Koha item type |
|---|---|---|---|---|---|---|---|---|---|---|---|---|---|---|
| Atta-ur-Rahman School of Applied Biosciences (ASAB) | Atta-ur-Rahman School of Applied Biosciences (ASAB) | 10/26/2016 | 571.6 BUL | ASAB1739 | 06/21/2019 | 10/26/2016 | Book |
